01432 2200433 4500001002100000005001500021035002000036007000300056008004100059040002200100082001600122084001800138090002000156100002500176245011800201300002300319440004900342500003900391650002700430700004700457850001200504041001300516490003500529504002500564505006600589264004000655264004300695336002100738337003000759338002300789546006300812990001800875990001800893990002000911990001100931990001800942990001800960990002000978INLIS00000000085379420200317031113 a0010-1219000480ta191216s1959 jki g f 0 ind d aYOPDYOGbinderda 223a899.221 a899.221 TEE p aL 899.221 TEE p1 aTeeuw, A.ePengarang1 aPokok dan tokoh :bdalam kesusastraan Indonesia baru /cA. Teeuw; penerjemah, Angku Raihul Amar gelar Datuk Besar a... jilid ;c18 cm aDengan sebuah sumbangan dari Dr. R. Roolvink ayang diterima jilid I dan jilid II 4aKesusastraan Indonesia0 aAngku Raihul AmarcDatuk BesarePenerjemah aYOPDYOG1 aindhdut aPustaka Sardjana no. 9a dan 9b aTermasuk bibliografi aI. Kesusastraan sebelum 1942 -- II. Kesusastraan setelah 194231aDjakarta :bP.T. Pembangunan,c1959 aDjakarta :bJajasan Pembangunan,c1952 2rdacontentateks 2rdamediaatanpa perantara 2rdacarrieravolume aTeks berbahasa Indonesia diterjemahkan dari bahasa Belanda a54447-PD/A.17 a54628-PD/A.17 a66352-PD/A.2020 a3247-A a54447-PD/A.17 a54628-PD/A.17 a66352-PD/A.2020